[Event "Grand Prix mf"]
[Site "Bordeaux"]
[Date "1998.??.??"]
[Round "?"]
[White "Speelman, Jonathan S"]
[Black "Shirov, Alexei"]
[Result "0-1"]
[WhiteElo "2605"]
[BlackElo "2710"]

1.Nf3 d5 2.g3 Bg4 3.Bg2 Nd7 4.O-O e6 5.b3 Bd6 6.Bb2 Ne7 7.Bxg7 Rg8 8.Bb2 h5
9.c4 Bxf3 10.exf3 h4 11.Nc3 c6 12.Re1 dxc4 13.Ne4 Nf5 14.Nxd6+ Nxd6 15.f4 hxg3
16.hxg3 Qb6 17.d4 O-O-O 18.Rb1 Qa5 19.Qc2 Qxa2 20.bxc4 Nxc4 21.Rec1 Ndb6
22.Qe4 Nd2 23.Rxc6+ Kd7 24.Rxb6 Nxe4 25.Rxb7+ Kc8 26.Bxe4 Qxb1+ 27.Bxb1 Kxb7
28.f5 exf5 29.Bxf5 a5 30.Bc2 Rge8 31.Kf1 Kb6 32.g4 Kb5 33.Bb3 Rd7 34.Ba3 a4
35.Ba2 Re4 36.Bc5 Rxg4 37.f3 Rh4 38.Kg2 f6 39.Kg3 Rhxd4  0-1

[Event "Grand Prix mf"]
[Site "Bordeaux"]
[Date "1998.??.??"]
[Round "?"]
[White "Shirov, Alexei"]
[Black "Speelman, Jonathan S"]
[Result "1-0"]
[WhiteElo "2710"]
[BlackElo "2605"]

1.e4 g6 2.d4 Bg7 3.Nc3 d6 4.f4 c6 5.Nf3 Bg4 6.Be3 Qb6 7.Qd2 Bxf3 8.gxf3 Nd7
9.O-O-O Qc7 10.h4 Ngf6 11.e5 Nd5 12.Nxd5 cxd5 13.h5 O-O-O 14.h6 Bf8 15.e6 Nb6
16.exf7 e6 17.Qa5 Kb8 18.Rd3 Rc8 19.Rc3 Nc4 20.Qxc7+ Rxc7 21.Bxc4 dxc4 22.d5 e5
23.a4 Be7 24.Rd1 exf4 25.Bxf4 Rf8 26.Re1 Kc8 27.Rxe7 Rxe7 28.Bxd6 Rexf7 29.Bxf8 Rxf8
30.Rxc4+ Kd7 31.Rb4 b6 32.a5 Rf6 33.axb6 axb6 34.f4 Kc7 35.Re4 Rf5 36.Re7+ Kd6
37.Rxh7 Rxf4 38.Rg7 Rh4 39.Rxg6+ Kxd5 40.Rxb6  1-0

[Event "Grand Prix m1"]
[Site "Bordeaux"]
[Date "1998.??.??"]
[Round "?"]
[White "Fressinet, Laurent"]
[Black "Speelman, Jonathan S"]
[Result "1/2-1/2"]
[WhiteElo "2450"]
[BlackElo "2605"]

1.e4 c6 2.d4 d5 3.Nc3 dxe4 4.Nxe4 Nd7 5.Ng5 Ngf6 6.Bd3 e6 7.N1f3 Bd6 8.Qe2 h6
9.Ne4 Nxe4 10.Qxe4 Qc7 11.Qg4 Kf8 12.Be3 b6 13.O-O-O Bb7 14.Rhe1 Rc8 15.Kb1 Nf6
16.Qh3 c5 17.dxc5 bxc5 18.c4 Bxf3 19.Qxf3 Ke7 20.h4 Be5 21.g4 Nd7 22.g5 hxg5
23.hxg5 Rb8 24.Bc1 Rb6 25.Re2 g6 26.Qe4 Qb7 27.f4 Qxe4 28.Bxe4 Bd4 29.f5 gxf5
30.Bxf5 Rg8 31.Bc2 Rd6 32.Rf1 Ne5 33.b3 Nc6 34.Rh2 Rg7 35.Be4 Be5 36.Rh8 Nd4
37.Rc8 Ne2 38.Bf3 Nxc1 39.Rxc1 Bd4 40.Bc6 Rxg5 41.Rf1 f5 42.Bf3 Rg1 43.Rxg1 Bxg1
44.Ra8 Rd7 45.Kc2 Be3 46.Bc6 Rd2+ 47.Kb1 Bd4 48.Rxa7+ Kd6 49.Bf3 e5 50.Ra6+ Ke7
51.Bd5 e4 52.a4 e3 53.Kc1 Bb2+ 54.Kb1 e2 55.Re6+ Kd7 56.a5 Bc3 57.a6 Rb2+
58.Kc1 Ra2 59.Rxe2 Rxe2 60.a7 Ra2 61.a8=Q Rxa8 62.Bxa8  1/2-1/2

[Event "Calcutta Goodricke op"]
[Site "Calcutta"]
[Date "1998.??.??"]
[Round "10"]
[White "Rahman, Ziaur"]
[Black "Speelman, Jonathan S"]
[Result "0-1"]
[WhiteElo "2485"]
[BlackElo "2605"]

1.c4 b6 2.d4 Bb7 3.d5 e6 4.e4 Bb4+ 5.Bd2 Qe7 6.Bxb4 Qxb4+ 7.Qd2 Qxd2+ 8.Nxd2 f5
9.exf5 exd5 10.Ngf3 Ne7 11.g4 h5 12.Rg1 dxc4 13.Bxc4 hxg4 14.Rxg4 Nbc6 15.Bd3 O-O-O
16.b4 Rdf8 17.b5 Nd8 18.Nh4 Nf7 19.f4 Nd6 20.O-O-O Ndxf5 21.Bxf5 Nxf5 22.Ng6 Ne3
23.Rdg1 Nxg4 24.Rxg4 Kd8 25.Nc4 Bd5 26.Nce5 Be6 27.Rg3 Rhg8 28.Ra3 d6 29.Nc6+ Kd7
30.Nxf8+ Rxf8 31.Rxa7 Rxf4 32.Nb8+ Kc8 33.Nc6 Rf1+ 34.Kb2 Rf2+ 35.Kb1 Bf5+
36.Kc1 g6 37.a4 Rxh2 38.Ra8+ Kd7 39.Rd8+ Ke6 40.Re8+ Kf6 41.Rf8+ Kg7 42.Re8 Rc2+
43.Kd1 Rc4 44.Re7+ Kf6 45.Rxc7 Bc2+ 46.Kd2 Bxa4 47.Rd7 Ke6 48.Re7+ Kf5 49.Kd3 Rc5
50.Nd4+ Kg5 51.Rb7 Bxb5+ 52.Kd2 Rd5 53.Ke3 Kg4 54.Rxb6 Bc4 55.Rc6 Bf1 56.Rc1 Re5+
57.Kf2 Re4 58.Rd1 Bc4 59.Rd2 d5 60.Nc2 Kf4 61.Ne1 d4 62.Ng2+ Kg4 63.Ne1 Rf4+
64.Kg2 Bf1+ 65.Kg1 Kg3 66.Ng2 Bxg2 67.Rxg2+ Kf3 68.Kf1 Ke4+ 69.Ke2 Kf5 70.Rg1 g5
71.Ra1 g4 72.Ra5+ Ke4 73.Ra3 Rf3 74.Ra4 Kf4 75.Rxd4+ Kg3 76.Ra4 Kh3 77.Re4 Rf8
78.Ke1 g3 79.Re7 g2  0-1

[Event "Bundesliga 9798"]
[Site "Germany"]
[Date "1998.??.??"]
[Round "?.5"]
[White "Vaganian, Rafael A"]
[Black "Speelman, Jonathan S"]
[Result "1/2-1/2"]
[WhiteElo "2640"]
[BlackElo "2630"]

1.d4 d6 2.Nf3 Bg4 3.c4 Nd7 4.Qb3 Rb8 5.g3 g6 6.Bg2 Bg7 7.Nbd2 c5 8.e3 Ngf6
9.O-O O-O 10.h3 Bxf3 11.Nxf3 Qc7 12.Bd2 Ne4 13.Be1 Rfc8 14.Qd3 Nef6 15.b3 a6
16.Rc1 b5 17.Bd2 b4 18.Rfd1 a5 19.Qc2 Qb6 20.Be1 Qa6 21.Qb1 Rc7 22.e4 Ne8
23.h4 cxd4 24.Nxd4 Rc5 25.f3 a4 26.Nb5 axb3 27.axb3 Nc7 28.Bf1 Nxb5 29.cxb5 Qa3
30.Rxc5 Nxc5 31.Bc4 Bc3 32.Bf2 Nb7 33.Be3 e6 34.Bf1 Qa5 35.Qc2 Ra8 36.Qe2 Qa3
37.Qc4 Qb2 38.Bh6 Na5 39.Qd3 Nxb3 40.Qxd6 Nd4 41.Bg2 Qc2 42.Rxd4 Bxd4+ 43.Qxd4 Qc3
44.Bg7 Qxd4+ 45.Bxd4 b3 46.b6 Ra4 47.Bb2 Rb4 48.Bf1 Rxb6 49.Kf2 Rd6 50.Ke1 f5
51.exf5 gxf5 52.Bc4 Kf7 53.Ke2 Rd7 54.g4 fxg4 55.fxg4 Ra7 56.Kd2 Rd7+ 57.Bd3 Kf8
58.g5 Rf7 59.Ke3 Ra7 60.Bc4 Kf7 61.Kd2 Ra4 62.Kc3 h6 63.gxh6 Ra2 64.Bxb3 Rxb2
65.Kxb2 Kg8  1/2-1/2

[Event "Bundesliga 9798"]
[Site "Germany"]
[Date "1998.??.??"]
[Round "?.3"]
[White "Polzin, Rainer"]
[Black "Speelman, Jonathan S"]
[Result "1-0"]
[WhiteElo "2445"]
[BlackElo "2630"]

1.e4 c6 2.d4 d5 3.e5 Bf5 4.Nf3 e6 5.a3 Bg4 6.Be2 c5 7.dxc5 Bxc5 8.b4 Bb6
9.Nbd2 Nc6 10.Bb2 Nge7 11.c4 a6 12.O-O O-O 13.c5 Bc7 14.Nd4 Bxe2 15.Qxe2 Nxe5
16.Nxe6 fxe6 17.Bxe5 Bxe5 18.Qxe5 Rf6 19.f4 b6 20.Rac1 bxc5 21.Rxc5 a5 22.b5 Ng6
23.Qd4 Qf8 24.g3 Rd8 25.Rfc1 h6 26.a4 Kh7 27.Rc7 Re8 28.Nf3 Rf5 29.Qc5 Qf6
30.b6 e5 31.Rc6 Qf7 32.Rxg6 exf4 33.Nh4 fxg3 34.hxg3 Rfe5 35.Qf2 Qxf2+ 36.Kxf2 Re2+
37.Kf1 Rb2 38.Rc7 Rf8+ 39.Kg1 Rb4 40.Rgxg7+ Kh8 41.Ng6+  1-0

[Event "Bundesliga 9798"]
[Site "Germany"]
[Date "1998.??.??"]
[Round "?.4"]
[White "Unzicker, Wolfgang"]
[Black "Speelman, Jonathan S"]
[Result "1/2-1/2"]
[WhiteElo "2420"]
[BlackElo "2630"]

1.e4 c6 2.d4 d5 3.Nc3 dxe4 4.Nxe4 Nd7 5.Nf3 Ngf6 6.Nxf6+ Nxf6 7.Bc4 Bf5 8.O-O e6
9.Ne5 Be7 10.Bg5 Nd7 11.Bxe7 Qxe7 12.Nxd7 Qxd7 13.c3 O-O 14.Qe2 b5 15.Bd3 Bxd3
16.Qxd3 Rfd8 17.Qc2 Qc7 18.Rfd1 Rd5 19.a4 Rad8 20.b4 g6 21.g3 e5 22.dxe5 Qxe5
23.axb5 cxb5 24.Re1 Qf6 25.Qe4 Qxc3 26.Rxa7 Qxe1+ 27.Qxe1 Rd1 28.Ra1 Rxe1+
29.Rxe1 Rd4 30.Rb1 Kg7 31.Kg2 g5 32.Kf3 Kg6 33.Ke3 Rc4 34.h3 h5 35.Kf3 f6
36.Rb3 Kf5 37.Kg2 Ke5 38.Re3+ Re4 39.Rb3 h4 40.Kf3 Kd4 41.Rb1 hxg3 42.fxg3 f5
43.Rh1 Kd3 44.Rd1+ Kc4 45.Rd7 Kxb4 46.Rd5 g4+ 47.hxg4 Rxg4 48.Rxf5 Rg8 49.g4 Kc4
50.g5 b4 51.Kg4  1/2-1/2

[Event "Roskilde op"]
[Site "Roskilde"]
[Date "1998.??.??"]
[Round "1"]
[White "Van Parreren, Hanneke"]
[Black "Speelman, Jonathan S"]
[Result "0-1"]
[WhiteElo "2125"]
[BlackElo "2605"]

1.d4 e6 2.c4 b6 3.e4 Bb7 4.Nc3 Bb4 5.Bd3 f5 6.Qc2 Nf6 7.d5 fxe4 8.Bxe4 exd5
9.Bf3 Nc6 10.cxd5 Nd4 11.Qd3 Qe7+ 12.Be3 Nxf3+ 13.Nxf3 Bxc3+ 14.bxc3 Bxd5
15.O-O Bxf3 16.gxf3 O-O 17.Rfe1 Qf7 18.Bd4 Nd5 19.Be5 d6 20.Rad1 Nf4 21.Bxf4 Qxf4
22.Qd5+ Qf7 23.Re3 Rae8 24.Kg2 g6 25.Rd4 Qxd5 26.Rxd5 Rxe3 27.fxe3 Rf5 28.Rd4 Rc5
29.c4 Ra5 30.Rd2 Kf7 31.Kf2 Ra3 32.Rc2 Kf6 33.Ke2 Kg5 34.Kf2 Kh4 35.f4 Kg4
36.Ke2 h6 37.Kf2 g5 38.fxg5 hxg5 39.Ke2 Kf5 40.Kf2 g4 41.Rd2 Kg5  0-1

[Event "Roskilde op"]
[Site "Roskilde"]
[Date "1998.??.??"]
[Round "2"]
[White "Speelman, Jonathan S"]
[Black "Adamski, Jan"]
[Result "1-0"]
[WhiteElo "2605"]
[BlackElo "2345"]

1.Nf3 c5 2.c4 Nf6 3.Nc3 d5 4.cxd5 Nxd5 5.e3 e6 6.d4 Nc6 7.Bd3 cxd4 8.exd4 Be7
9.O-O Ncb4 10.Bb1 Nf6 11.Re1 Bd7 12.Ne5 Bc6 13.Bg5 O-O 14.Re3 Nbd5 15.Rg3 g6
16.Bh6 Nxc3 17.bxc3 Re8 18.h4 Be4 19.h5 Qa5 20.hxg6 hxg6 21.Bxe4 Nxe4 22.Qf3 Nf6
23.Rxg6+ fxg6 24.Qd3 Kh8 25.Qxg6  1-0

[Event "Roskilde op"]
[Site "Roskilde"]
[Date "1998.??.??"]
[Round "4"]
[White "Speelman, Jonathan S"]
[Black "Mortensen, Erling"]
[Result "1/2-1/2"]
[WhiteElo "2605"]
[BlackElo "2510"]

1.Nf3 Nf6 2.d4 g6 3.Bg5 Bg7 4.Nbd2 d5 5.e3 O-O 6.Be2 Nbd7 7.O-O Ne4 8.Bh4 Ndf6
9.Nxe4 Nxe4 10.Nd2 Nd6 11.c4 dxc4 12.Nxc4 Be6 13.Nxd6 cxd6 14.Qa4 Bd5 15.Rfc1 a6
16.Qc2 h6 17.f3 g5 18.Bf2 Rc8 19.Qd3 f5 20.Bd1 Qd7 21.e4 fxe4 22.fxe4 Bf7
23.Bb3 Bxb3 24.Qxb3+ Kh8 25.Be3 Qb5 26.h3 Rc6 27.Qxb5 axb5 28.Rxc6 bxc6 29.Rc1 Ra8
30.a3 Ra4 31.Rxc6 Bxd4 32.Bxd4+ Rxd4 33.e5 Kg7 34.Rc7 dxe5 35.Rxe7+ Kf6 36.Rb7 Rd1+
37.Kh2 Rd5 38.b3 e4 39.Kg1 Ke5 40.a4 bxa4 41.bxa4 Rd2 42.a5 Ra2 43.Ra7 Kf4
44.Kh2 e3 45.a6 e2 46.Re7 Rxa6  1/2-1/2

[Event "Roskilde op"]
[Site "Roskilde"]
[Date "1998.??.??"]
[Round "6"]
[White "Speelman, Jonathan S"]
[Black "Johannessen, Leif Erlend"]
[Result "1-0"]
[WhiteElo "2605"]
[BlackElo "2290"]

1.d4 e6 2.g3 Nf6 3.Bg2 d5 4.Nf3 Be7 5.O-O O-O 6.c4 dxc4 7.Qc2 a6 8.Qxc4 b5
9.Qc2 Bb7 10.Bd2 Nc6 11.e3 Nb4 12.Bxb4 Bxb4 13.a3 Bd6 14.Nbd2 Qe7 15.Rac1 Rfc8
16.e4 e5 17.Bh3 Re8 18.Rfe1 Nd7 19.Bxd7 Qxd7 20.dxe5 Bxe5 21.Nxe5 Rxe5 22.Nb3 Rae8
23.Nc5 Qc6 24.Nxb7 Qxb7 25.Qxc7 Qxc7 26.Rxc7 f5 27.Ra7 Rxe4 28.Rxe4 fxe4
29.Rxa6 e3 30.fxe3 Rxe3 31.b4 Kf7 32.Kf2 Rb3 33.h4 Rd3 34.Kg2 h5 35.Kf2 Rc3
36.Ra5 g6 37.Rxb5 Rxa3 38.Rg5 Rb3 39.b5 Ke7 40.Ke2 Kf7 41.Kd2 Rf3 42.Kc2 Rf6
43.Kb3 Ke7 44.Kb4 Kd7 45.Rc5 Rf3 46.Rc3  1-0

[Event "Roskilde op"]
[Site "Roskilde"]
[Date "1998.??.??"]
[Round "7"]
[White "Grabliauskas, Virginijus"]
[Black "Speelman, Jonathan S"]
[Result "1/2-1/2"]
[WhiteElo "2465"]
[BlackElo "2605"]

1.d4 e6 2.c4 b6 3.e4 Bb7 4.Bd3 Bb4+ 5.Bd2 Qe7 6.Nf3 Nf6 7.Qe2 Bxd2+ 8.Nbxd2 d6
9.O-O e5 10.d5 a5 11.b3 O-O 12.a3 c5 13.Nh4 g6 14.g3 Bc8 15.Rfe1 Bh3 16.Qd1 Nbd7
17.Bf1 Bxf1 18.Nxf1 Ne8 19.Ne3 Ng7 20.Qc2 Kh8  1/2-1/2

[Event "ESP-chT"]
[Site "Salamanca"]
[Date "1998.??.??"]
[Round "2"]
[White "Speelman, Jonathan S"]
[Black "Kharitonov, Andrei Y"]
[Result "1/2-1/2"]
[WhiteElo "2600"]
[BlackElo "2570"]

1.Nf3 d5 2.g3 c6 3.Bg2 Bg4 4.O-O Nd7 5.d4 e6 6.c4 Ngf6 7.b3 Be7 8.Nbd2 O-O
9.Bb2 a5 10.a3 Qb6 11.Re1 Bh5 12.h3 Rfd8 13.Qc1 c5 14.cxd5 exd5 15.e4 dxe4
16.Nxe4 Nxe4 17.Rxe4 Bf6 18.Qe3 Bg6 19.dxc5 Nxc5 20.Bxf6 Qxf6 21.Rd4 Rxd4
22.Qxd4 Nxb3 23.Qxf6 gxf6 24.Rd1 Rc8 25.Nh4 Nc5 26.Nxg6 hxg6  1/2-1/2

[Event "ESP-chT"]
[Site "Salamanca"]
[Date "1998.??.??"]
[Round "5"]
[White "Romero Holmes, Alfonso"]
[Black "Speelman, Jonathan S"]
[Result "1-0"]
[WhiteElo "2485"]
[BlackElo "2600"]

1.d4 Nf6 2.Nf3 e6 3.g3 b5 4.Bg2 Bb7 5.O-O h6 6.c3 c5 7.a4 b4 8.cxb4 cxb4
9.a5 Be7 10.Ne5 Bxg2 11.Kxg2 Nc6 12.Nxc6 dxc6 13.f3 O-O 14.Be3 Rc8 15.Qb3 c5
16.dxc5 Nd5 17.Bf2 Bxc5 18.e4 Ne7 19.Rd1 Qc7 20.Nd2 Bxf2 21.Kxf2 Rfd8 22.Nf1 Nc6
23.Ne3 Nd4 24.Qa4 Qe7 25.Rd3 Nxf3 26.Rxd8+ Rxd8 27.Kxf3 Qf6+ 28.Ke2 Qxb2+
29.Kf3 Rd2 30.e5 f5 31.exf6 Qxf6+ 32.Kg4 Rb2 33.Qe8+ Kh7 34.Rf1 Qd4+ 35.Kh3 Qd2
36.Ng4 Qd5 37.Nf6+ gxf6 38.Qf7+ Kh8 39.Qxf6+ Kg8 40.Qg6+  1-0

[Event "ESP-chT"]
[Site "Salamanca"]
[Date "1998.??.??"]
[Round "6"]
[White "Rogers, Ian"]
[Black "Speelman, Jonathan S"]
[Result "1/2-1/2"]
[WhiteElo "2605"]
[BlackElo "2600"]

1.d4 Nf6 2.c4 e6 3.Nf3 Bb4+ 4.Nc3 d6 5.Qc2 Nbd7 6.a3 Bxc3+ 7.Qxc3 b6 8.g3 Bb7
9.Bg2 O-O 10.O-O Qe7 11.b3 c5 12.Bb2 cxd4 13.Qxd4 e5 14.Qe3 Rfe8 15.b4 Rac8
16.Rac1 Rc7 17.Bh3 Ba6 18.Nd2 Nf8 19.a4  1/2-1/2

[Event "ESP-chT"]
[Site "Salamanca"]
[Date "1998.??.??"]
[Round "7"]
[White "Speelman, Jonathan S"]
[Black "Shirov, Alexei"]
[Result "1-0"]
[WhiteElo "2600"]
[BlackElo "2720"]

1.Nf3 d5 2.c4 c6 3.e3 Nf6 4.Nc3 a6 5.b3 b5 6.Be2 Bg4 7.O-O Nbd7 8.h3 Bh5
9.cxd5 cxd5 10.b4 e6 11.Qb3 Rb8 12.d3 Bd6 13.Bd2 O-O 14.Rfc1 Qe7 15.Nd4 Rbc8
16.Bxh5 Nxh5 17.a4 bxa4 18.Rxa4 a5 19.Rxa5 Bxb4 20.Nxd5 exd5 21.Rxc8 Bxd2
22.Raa8 g6 23.Nc6 Qc5 24.Rxf8+ Nxf8 25.Qb8 Kg7 26.d4 Qc1+ 27.Kh2 Nd7 28.Qg8+ Kh6
29.Nd8 Nhf6 30.Nxf7+ Kh5 31.Qg7 Bxe3 32.fxe3 Qxe3 33.Ra2 Kh4 34.Ra3  1-0

[Event "ESP-chT"]
[Site "Salamanca"]
[Date "1998.??.??"]
[Round "8"]
[White "Korneev, Oleg"]
[Black "Speelman, Jonathan S"]
[Result "1/2-1/2"]
[WhiteElo "2600"]
[BlackElo "2600"]

1.e4 c6 2.c4 d5 3.exd5 cxd5 4.cxd5 Nf6 5.Nc3 Nxd5 6.Nf3 Nc6 7.d4 a6 8.Qb3 e6
9.Be2 Nxc3 10.bxc3 Bd6 11.O-O O-O 12.Rd1 b5 13.a4 Na5 14.Qc2 Bb7 15.Ng5 g6
16.axb5 axb5 17.Rb1 Qc7 18.g3 Bd5 19.Rxb5 Qc6 20.Rb1  1/2-1/2

[Event "BCF-ch"]
[Site "Torquay"]
[Date "1998.??.??"]
[Round "1"]
[White "Hunt, Adam"]
[Black "Speelman, Jonathan S"]
[Result "1/2-1/2"]
[WhiteElo "2255"]
[BlackElo "2605"]

1.e4 e6 2.d4 d5 3.Nc3 Nf6 4.Bg5 dxe4 5.Nxe4 Nbd7 6.Nf3 h6 7.Nxf6+ Nxf6 8.Bh4 c5
9.dxc5 Qa5+ 10.c3 Qxc5 11.Be2 Be7 12.O-O O-O 13.Nd2 Rd8 14.Qc2 Qf5 15.Qxf5 exf5
16.Bxf6 Bxf6 17.Nb3 b6 18.Bf3 Rb8 19.Rad1 Be6 20.Rxd8+ Rxd8 21.Rd1 Rxd1+
22.Bxd1 f4 23.a4 a5 24.Nd2 Bd7 25.Nf3 Bd8 26.Ne5 Be8 27.Nd3 g5 28.Kf1 Kg7
29.Ke2 f5 30.b4 Bc6 31.f3 Bd5 32.bxa5 bxa5 33.Nb2 Kf6 34.Kd3 Ke6 35.Nc4 g4
36.Kd4 h5 37.Kc5 Be7+ 38.Kb5 g3 39.h3 Bf6 40.Nxa5 Bxc3 41.Bb3 Bxa5 42.Bxd5+ Kxd5
43.Kxa5 Kd4 44.Kb4 Ke3 45.a5 Kf2 46.a6 Kxg2 47.a7 Kh1 48.a8=Q g2 49.Qb8 g1=Q
50.Qxf4 Qb1+ 51.Kc5 Kg2 52.h4 Qd3 53.Qg5+ Kxf3 54.Qxh5+ Ke4 55.Qe8+ Kf4 56.h5 Qa3+
57.Kd5 Qa5+ 58.Kd4 Qb6+ 59.Kd3 Qa6+ 60.Kd2 Kg5 61.Qg6+ Qxg6 62.hxg6 Kxg6
63.Ke3 Kg5 64.Kf3 f4 65.Kf2 f3 66.Kxf3 Kf5  1/2-1/2

[Event "BCF-ch"]
[Site "Torquay"]
[Date "1998.??.??"]
[Round "2"]
[White "Speelman, Jonathan S"]
[Black "Pert, Richard G"]
[Result "1-0"]
[WhiteElo "2605"]
[BlackElo "2235"]

1.Nf3 d5 2.g3 Bg4 3.Bg2 Nd7 4.d4 c6 5.O-O e6 6.c4 Bd6 7.Qb3 Rb8 8.e4 dxe4
9.Ng5 Ngf6 10.Nc3 O-O 11.Be3 Bc7 12.h3 Bh5 13.Ngxe4 Nxe4 14.Nxe4 h6 15.d5 exd5
16.cxd5 Bb6 17.Bf4 Bc7 18.Bxc7 Qxc7 19.Rac1 Qa5 20.Nd6 Qc7 21.Qa3 c5 22.Ne4 Rfc8
23.b4 c4 24.Qxa7 Ne5 25.g4 Bg6 26.f4 Nd3 27.d6 Qd8 28.f5 Nxc1 29.Rxc1 Bh7
30.Qd4 b5 31.d7 Rc7 32.Nc5 Ra7 33.Re1 Qf8 34.Bc6 Raa8 35.Bxa8 Rxa8 36.Nb7  1-0

[Event "BCF-ch"]
[Site "Torquay"]
[Date "1998.??.??"]
[Round "3"]
[White "Kelly, Bryan"]
[Black "Speelman, Jonathan S"]
[Result "0-1"]
[WhiteElo "2390"]
[BlackElo "2605"]

1.d4 d6 2.c4 e5 3.Nf3 e4 4.Ng5 f5 5.Nc3 c6 6.f3 Be7 7.Nh3 Nf6 8.Bg5 O-O 9.e3 Na6
10.Qd2 Nc7 11.O-O-O d5 12.cxd5 Nfxd5 13.Bxe7 Qxe7 14.Bc4 Be6 15.Nf2 Nxc3
16.Qxc3 exf3 17.gxf3 Bxc4 18.Qxc4+ Kh8 19.Rde1 Nd5 20.Nd1 b5 21.Qe2 c5 22.Qxb5 Rfc8
23.Kb1 Rab8 24.Qa5 cxd4 25.Qxd5 Qc7 26.a3 Qc2+ 27.Ka1 Rc3 28.Ka2 Rcb3  0-1

[Event "Bundesliga 9899"]
[Site "Germany"]
[Date "1999.01.31"]
[Round "9.5"]
[White "Speelman, Jonathan S"]
[Black "Proehl, Holger"]
[Result "1/2-1/2"]
[WhiteElo "2601"]
[BlackElo "2401"]

1.Nf3 d5 2.g3 Nf6 3.Bg2 g6 4.b3 Bg7 5.Bb2 O-O 6.c4 c6 7.O-O Nbd7 8.Qc2 Re8
9.Nc3 dxc4 10.bxc4 e5 11.d3 Nc5 12.Rfd1 Qa5 13.Nd2 Ne6 14.Nde4 Nd4 15.Nxf6+ Bxf6
16.Qd2 Bg7 17.Ne4 Qc7 18.e3 Ne6 19.c5 Rd8 20.Rac1 f5 21.Nd6 Nxc5 22.Nxc8 Nxd3
23.Bxc6 bxc6 24.Rxc6 Qb7 25.Rd6 Rxd6 26.Nxd6 Qxb2 27.Qxd3 Qxa2 28.Nc4 Rc8
29.Qd5+ Kh8 30.Qe6 Rf8 31.Rd7 f4 32.Rf7 Qb1+ 33.Kg2 Qe4+ 34.f3 Qc2+ 35.Kh3 Rxf7
36.Qxf7 Qf5+ 37.Qxf5 gxf5 38.exf4 exf4 39.Kh4 fxg3 40.hxg3 h6 41.Kh5 Kh7
42.f4 Bf8 43.Ne3 a5 44.Nxf5 Bc5 45.Nh4 Bd4 46.Nf5 Bf2 47.g4 a4 48.g5 hxg5
49.fxg5 a3 50.g6+ Kg8 51.Kh6 a2 52.Ne7+ Kf8 53.g7+ Kxe7 54.g8=Q a1=Q 55.Qg7+ Qxg7+
56.Kxg7  1/2-1/2

[Event "Goodricke 10th op"]
[Site "Calcutta"]
[Date "1999.02.06"]
[Round "1"]
[White "Speelman, Jonathan S"]
[Black "Ramesh, RB."]
[Result "1-0"]
[WhiteElo "2600"]
[BlackElo "2390"]

1.Nf3 Nf6 2.c4 e6 3.Nc3 d5 4.d4 c6 5.e3 Nbd7 6.Qc2 Bd6 7.Be2 O-O 8.O-O dxc4
9.Bxc4 a6 10.a4 c5 11.dxc5 Bxc5 12.Rb1 Qc7 13.Bd3 Bd6 14.Bd2 Nc5 15.Rfc1 Nxd3
16.Qxd3 Qe7 17.e4 Ng4 18.Qe2 Ne5 19.Bf4 Nxf3+ 20.Qxf3 Bd7 21.e5 Bb4 22.Ne4 Bc6
23.Rxc6 bxc6 24.Nf6+ gxf6 25.Bh6 Bd2 26.exf6 Qc5 27.Qg3+ Bg5 28.Bxg5 Qf5
29.Bh6+ Qg6 30.Bxf8 Kxf8 31.Qd6+ Kg8 32.Rd1 Qxf6 33.Rd4 a5 34.g3 Qf3 35.h3 Qf5
36.Qxc6 Rb8 37.Qc7 Rf8 38.Rf4 Qxh3 39.Qxa5 Rc8 40.Qg5+ Kf8 41.Rh4  1-0

[Event "Goodricke 10th op"]
[Site "Calcutta"]
[Date "1999.02.09"]
[Round "4"]
[White "Prakash, G B."]
[Black "Speelman, Jonathan S"]
[Result "0-1"]
[WhiteElo "2400"]
[BlackElo "2600"]

1.d4 d6 2.Nf3 Bg4 3.c4 Nd7 4.Nc3 e5 5.e3 g6 6.Be2 Bg7 7.O-O Ne7 8.b3 O-O
9.Bb2 Bxf3 10.Bxf3 exd4 11.exd4 c6 12.Bg4 Nf6 13.Bh3 d5 14.Re1 Re8 15.g3 dxc4
16.bxc4 b5 17.Ba3 bxc4 18.Bxe7 Rxe7 19.Rxe7 Qxe7 20.Qa4 c5 21.Qc6 Rd8 22.dxc5 Ne8  0-1

[Event "Goodricke 10th op"]
[Site "Calcutta"]
[Date "1999.02.11"]
[Round "6"]
[White "Konguveel, Ponnuswamy"]
[Black "Speelman, Jonathan S"]
[Result "0-1"]
[WhiteElo "2435"]
[BlackElo "2600"]

1.e4 c6 2.d4 d5 3.exd5 cxd5 4.c4 Nf6 5.Nc3 e6 6.Nf3 Bb4 7.Bd3 dxc4 8.Bxc4 O-O
9.O-O b6 10.Bg5 Bb7 11.Rc1 Nc6 12.a3 Bxc3 13.Rxc3 Ne7 14.Bxf6 gxf6 15.Nh4 Kh8
16.Qh5 Qxd4 17.Rd1 Qe5 18.Qxe5 fxe5 19.Rd7 Nd5 20.Rh3 Nf4 21.Rxb7 Nxh3+ 22.gxh3 Rad8
23.Ng2 Rd1+ 24.Bf1 f5 25.f4 Rc8 26.Ne3 Rd2 27.fxe5 Rc1 28.Rxa7 f4 29.Ng4 f3
30.Nf2 Rxb2 31.Rf7 Rbb1 32.Nd1 Rxd1 33.Rxf3 Kg7  0-1

[Event "Goodricke 10th op"]
[Site "Calcutta"]
[Date "1999.02.12"]
[Round "7"]
[White "Speelman, Jonathan S"]
[Black "Gleizerov, Evgeny"]
[Result "1/2-1/2"]
[WhiteElo "2600"]
[BlackElo "2515"]

1.Nf3 d5 2.b3 Bg4 3.e3 e6 4.Bb2 Nf6 5.Be2 Nbd7 6.c4 c6 7.Nc3 Bxf3 8.Bxf3 Bd6
9.Qc2 Qe7 10.Rd1 O-O 11.d4 Rab8 12.O-O b5 13.e4 dxe4 14.Nxe4 Nxe4 15.Bxe4  1/2-1/2

[Event "Goodricke 10th op"]
[Site "Calcutta"]
[Date "1999.02.13"]
[Round "8"]
[White "Mithrakanth, Poorna Sharma"]
[Black "Speelman, Jonathan S"]
[Result "1/2-1/2"]
[WhiteElo "2375"]
[BlackElo "2600"]

1.e4 c6 2.d4 d5 3.Nc3 dxe4 4.Nxe4 Nd7 5.Nf3 Ngf6 6.Nxf6+ Nxf6 7.Ne5 Be6 8.Be2 g6
9.O-O Bg7 10.c4 O-O 11.Be3 Nd7 12.Nf3 Bg4 13.h3 Bxf3 14.Bxf3 Qc7 15.Qc2 e5
16.dxe5 Nxe5 17.Be2 f5 18.Rad1 f4 19.Bd4 Rad8 20.Bxe5 Qxe5 21.b3 a5 22.Bf3 Rfe8
23.Rxd8 Rxd8 24.Rd1 Re8 25.Kf1 Bf8 26.Qe2 Qb8 27.Qd3 Bc5 28.Qc3 Qc7 29.Qf6 Bb4
30.Bg4 Qe7 31.Qxe7 Rxe7 32.Rd8+ Kf7 33.Rd7 Rxd7  1/2-1/2

[Event "Goodricke 10th op"]
[Site "Calcutta"]
[Date "1999.02.15"]
[Round "10"]
[White "Speelman, Jonathan S"]
[Black "Fedorov, Alexei"]
[Result "1/2-1/2"]
[WhiteElo "2600"]
[BlackElo "2645"]

1.d4 Nf6 2.Nf3 g6 3.c3 Bg7 4.Bg5 d6 5.Nbd2 O-O 6.e3 c5 7.Be2 b6 8.O-O Bb7
9.a4 a6 10.Re1 Nbd7 11.Bd3 Qc7 12.e4 e5 13.dxe5 dxe5 14.Bc4 Bc6 15.Qe2 Qb7
16.Bxf6 Bxf6 17.Bb5 Bg7 18.h4 Rfe8 19.Red1 Nf6 20.Bxc6 Qxc6  1/2-1/2

[Event "Bundesliga 9899"]
[Site "Germany"]
[Date "1999.02.21"]
[Round "11.4"]
[White "Speelman, Jonathan S"]
[Black "Gisbrecht, Ewgeni"]
[Result "1-0"]
[WhiteElo "2601"]
[BlackElo "2405"]

1.c4 c6 2.e4 d5 3.exd5 cxd5 4.d4 Nf6 5.Nc3 Nc6 6.Nf3 Bg4 7.cxd5 Nxd5 8.Qb3 Bxf3
9.gxf3 e6 10.Qxb7 Nxd4 11.Bb5+ Nxb5 12.Qc6+ Ke7 13.Qxb5 Qd7 14.Nxd5+ Qxd5
15.Qxd5 exd5 16.O-O Ke6 17.Re1+ Kf5 18.Rd1 Rd8 19.Be3 Rd7 20.Rd4 Bc5 21.Rf4+ Ke5
22.Bd2 f5 23.Re1+ Kf6 24.Ra4 Rhd8 25.Kf1 Kf7 26.b4 Bb6 27.Ra3 Re8 28.Rxe8 Kxe8
29.Rc3 d4 30.Rc6 d3 31.a4 Re7 32.a5 Bxf2 33.Bg5 Re2 34.Rd6 h6 35.Rxd3 Rb2
36.Bd2 Bh4 37.Bc3 Rb1+ 38.Ke2 Be7 39.Rd5 a6 40.b5 axb5 41.a6 Rb3 42.a7 Ra3
43.Bd4 Bf6 44.Bb6  1-0

[Event "Bundesliga 9899"]
[Site "Germany"]
[Date "1999.03.20"]
[Round "12.5"]
[White "Smejkal, Jan"]
[Black "Speelman, Jonathan S"]
[Result "1-0"]
[WhiteElo "2525"]
[BlackElo "2601"]

1.c4 b6 2.Nc3 Bb7 3.e4 e6 4.g3 f5 5.Bg2 Nf6 6.d3 fxe4 7.Nge2 Nc6 8.Nxe4 Bb4+
9.Bd2 Bxd2+ 10.Qxd2 O-O 11.O-O Rb8 12.d4 Na5 13.Nxf6+ Qxf6 14.Rac1 Bxg2 15.Kxg2 Nc6
16.f4 Ne7 17.Ng1 c5 18.dxc5 bxc5 19.b3 Nf5 20.Nf3 d6 21.Rfe1 h6 22.Re4 Qg6
23.Rce1 Rf6 24.R1e2 Kh7 25.Qe1 Re8 26.h3 e5 27.fxe5 dxe5 28.Rg4 Qf7 29.Rxe5 Rf8  1-0

[Event "Redbus KO"]
[Site "Southend"]
[Date "1999.04.02"]
[Round "1.1"]
[White "Speelman, Jonathan S"]
[Black "Ward, Christopher"]
[Result "1-0"]
[WhiteElo "2601"]
[BlackElo "2482"]

1.Nf3 d5 2.g3 c5 3.Bg2 Nc6 4.d4 cxd4 5.Nxd4 Qb6 6.Nb3 Nf6 7.Be3 Qd8 8.O-O Bg4
9.h3 Bh5 10.c4 e6 11.Nc3 dxc4 12.Nd4 Qd7 13.Nxc6 bxc6 14.Qxd7+ Kxd7 15.Rfd1+ Nd5
16.Rd4 Rb8 17.Nxd5 cxd5 18.Bxd5 exd5 19.Rxd5+ Ke6 20.Rxh5 Rxb2 21.Ra5 Bd6
22.Ra6 c3 23.Rc1 c2 24.Kg2 Rc8 25.Bf4 Rb6 26.Rxb6 axb6 27.Bxd6 Kxd6 28.Kf1 Rc6
29.Ke1 Kd7 30.h4 h5 31.e3 b5 32.Kd2 Rf6 33.Ke2 Ra6 34.Rxc2 Ra3 35.Kf3 Ra4
36.e4 g6 37.Kf4 Ke6 38.f3 Kf6 39.Rb2 Ra3 40.g4 hxg4 41.Kxg4 Ra4 42.h5 gxh5+
43.Kxh5 Ra3 44.Kg4 Ra4 45.Kf4 Ra3 46.Rc2 Ke6 47.Kg4 Kf6 48.f4 Ra4 49.e5+ Ke6
50.Kg5 Ra6 51.Rc5 Rxa2 52.f5+ Ke7 53.Rc7+ Ke8 54.Kf6 Rf2 55.Re7+ Kd8 56.Rb7  1-0

[Event "Redbus KO"]
[Site "Southend"]
[Date "1999.04.02"]
[Round "1.2"]
[White "Ward, Christopher"]
[Black "Speelman, Jonathan S"]
[Result "1/2-1/2"]
[WhiteElo "2482"]
[BlackElo "2601"]

1.d4 Nf6 2.c4 e6 3.Nc3 Bb4 4.Qc2 d5 5.cxd5 Qxd5 6.Nf3 Qf5 7.Qxf5 exf5 8.Bd2 c6
9.g3 Be6 10.Bg2 Nbd7 11.a3 Be7 12.O-O O-O 13.b4 Ne4 14.Rfc1 Nb6 15.Be1 Nxc3
16.Bxc3 Bd5 17.Ne5 Bxg2 18.Kxg2 Bd6 19.Nd3 Rfe8 20.e3 Nd5 21.Bd2 g5 22.Kf3 Re6
23.a4 Rh6 24.Kg2 Re6 25.b5 cxb5 26.axb5 f4 27.Nc5 fxe3 28.fxe3 Bxc5 29.Rxc5 Rd8
30.Rxa7 b6 31.Rc2 Rxe3 32.Kf2 Rb3 33.Bxg5 Re8 34.Kg2 Kg7 35.Rf2 Rf8 36.Rf5 Rxb5
37.Kh3 Kg6 38.g4 h5 39.Re5 hxg4+ 40.Kh4 Rh8+ 41.Kxg4 f5+ 42.Rxf5 Ne3+ 43.Bxe3 Rxf5
44.Rb7 Rxh2  1/2-1/2